000 00391nam a2200157Ia 4500
008 230917s9999||||xx |||||||||||||| ||und||
020 _cDM74
040 _e10693
_aMAIN
041 _aEnglish
082 _a519.5 G168I
100 _aGardiner, A
245 0 _aInfinite processes: Background to analysis
260 _aNew York
_bSpringer-Verlag
_c1982
300 _axi,306 p.
942 _cBK
999 _c228780
_d228780